LEADER 02143nac# 2200313 i 450 001 VAN0006825 005 20221219025242.678 100 $a20020822f |0itac50 ba 102 $aIT 105 $a|||| ||||| 110 $ab|||||||||| 200 1 $aˆIl ‰sistema giuridico italiano 210 $aTorino$cUtet. 463 1$1001VAN0238462$12001 $aˆ2: ‰Bilancio di esercizio$fErmanno Bocchini$1205 $a5. ed$1210 $aTorino$cUtet giuridica$d2021$1215 $aCIII, 743 p.$d24 cm 463 1$1001VAN0252864$12001 $aDiritto del turismo$fRenato Santagata$1205 $a5. ed$1210 $aMilano$cUTET giuridica$d2021$1215 $aXXVIII, 436 p.$d24 cm 463 1$1001VAN0097041$12001 $aˆ1: ‰Diritto dell'impresa$fGian Franco Campobasso$1205 $a3. ed$1210 $aTorino$cUTET$dstampa 1997$1215 $aXV, 281 p.$d24 cm. 463 1$1001VAN0111187$12001 $aDiritto della contabilità delle imprese$fErmanno Bocchini$1210 $aTorino$cUTET giuridica$1215 $avolumi$d24 cm$1300 $aEdizioni precedenti pubblicate con il titolo: Manuale di diritto della contabilità delle imprese 463 1$1001VAN0002675$12001 $aDiritto civile$fLina Bigliazzi Geri ... [et al.]$1210 $aTorino$cUTET$d1986-$1215 $av.$d24 cm. 463 1$1001VAN0001291$12001 $aDiritto commerciale$fGian Franco Campobasso$1210 $aTorino$cUTET$1215 $avolumi$d24 cm. 463 1$1001VAN0006838$12001 $aDiritto del lavoro$fcommentario diretto da Franco Carinci$1210 $aTorino$cUtet$d[1998]$1215 $avolumi$d22 cm. 463 1$1001VAN0248326$12001 $aDiritto del turismo$fRenato Santagata. - Torino$eUtet giuridica, 2021$1210 $rXXVII$d436 p. ; 22 cm 463 1$1001VAN0004923$12001 $aDiritto penale$eparte generale$fCarlo Fiore$1210 $aTorino$cUtet$1215 $av.$d24 cm. 463 1$1001VAN0063337$12001 $aˆ1: ‰Introduzione allo studio del diritto penale$ela legge penale, il reato$fCarlo Fiore, Stefano Fiore$1205 $a2. ed$1210 $aTorino$cUTET$dc2007$1215 $axi, 431 p.$d24 cm. 620 $dTorino$3VANL000001 712 $aUTET $3VANV107949$4650 801 $aIT$bSOL$c20240614$gRICA 912 $aVAN0006825 996 $aSistema giuridico italiano$962011 997 $aUNICAMPANIA